03007nam a22003615a 4500999001700000001000800017005001700025008004100042020003800083020004100121040003800162082001700200100002600217245005000243250002700293260005400320300003500374490006200409504005300471505047700524520085201001520029801853650003302151651001002184653002502194655001702219700004502236700006002281856008602341856007402427942000802501952013602509 c26989d26961303362720181114112143.0950607r20021999enka frb 001 0 eng d a0750641428 (pbk. : v. 6, 3rd ed.) a9780750641425 (pbk. : v. 6, 3rd ed.) aEG-ScBUEbengcEG-ScBUEdEG-ScBUE04a660bSIN2221 aSinnott, R. K.94192910aChemical engineering design /cR. K. Sinnott. a3rd ed., reprinted ed. aOxford ;aWoburn :bButterworth-Heinemann,c2002. axxv, 1045 p. ;bill. ;c25 cm.0 aCoulson and Richardson's chemical engineering series ;v6 aIncludes bibliographical references and indexes.1 av. 1. Fluid flow, heat transfer, and mass transfer (5th ed., 1996) -- v. 1. Fluid flow, heat transfer, and mass transfer (6th ed., 1999) -- v. 5. Solutions to the problems in Chemical engineering, volumes 2 and 3 / by J.R. Backhurst and J.H. Harker (2nd ed., 1997) -- v. 6. Chemical engineering design / R.K. Sinnott (2nd ed., 1996) -- v. 6. Chemical engineering design / R.K. Sinnott (3rd ed., 1999) -- v. 6. Chemical engineering design / R.K. Sinnott (4th ed., 2005) aCoulson and Richardson's classic series provides the student with an account of the fundamentals of chemical engineering and constitutes the definitive work on the subject for academics and practitioners. This volume covers the application of chemical engineering principles to the design of chemical processes and equipment. After an introductory chapter on the nature and methodology of the design process and its application to the design of chemical manufacturing processes - subsequent chapters cover process design and detail, safety and loss prevention, equipment selection, costings and flow sheets in depth. Later chapters cover the detailed design for equipment for separation processes and heat exchange. The mechanical design of process equipment is also included and a chapter on more general site considerations closes the book.  aA study of the application of chemical engineering principles to the design of chemical processes and equipment. After an introduction on the nature and methodology of the design process, subsequent chapters cover process design and detail safety and loss prevention, costings and flow sheets. 7aChemical engineering.2BUEsh 2BUEsh bENGCHEcNovember2018 vReading book1 aRichardson, J. F.q(John Francis)9384461 aCoulson, J. M.q(John Metcalfe).tChemical engineering.423Publisher descriptionuhttp://www.loc.gov/catdir/description/els032/95023187.html413Table of contentsuhttp://www.loc.gov/catdir/toc/els032/95023187.html 2ddc 00102ddc40708BaccahaMAINbMAINc1STd2018-11-14ePurchaseg2100.00l1o660 SINp000043917r2025-07-15 00:00:00s2023-07-12yBB